Who Scored The Goal? Galatasaray v Fenerbahçe Edition - Statistics

General Stats
  • This quiz has been taken 96 times
    29 since last reset
  • The average score is 49 of 90
Answer Stats
Competition Matchday Season Venue Score Minute Goalscorer % Correct
Süper Lig Matchday 14 2025/26 Şükrü Saraçoğlu 1-1 90+5’ Jhon Duran
100%
Süper Kupa Final 2025/26 Atatürk Olimpiyat Stadyumu 0-1 28’ Mattéo Guendouzi
100%
Süper Lig Matchday 37 2023/24 RAMS Park 0-1 71’ Çağlar Söyüncü
96%
Süper Kupa Final 2025/26 Atatürk Olimpiyat Stadyumu 0–2 48’ Jayden Oosterwolde
96%
Süper Lig Matchday 14 2025/26 Şükrü Saraçoğlu 0-1 27’ Leroy Sané
96%
Süper Lig Matchday 6 2024/25 Şükrü Saraçoğlu 0-1 20’ Lucas Torreira
96%
Süper Kupa Final 2023 11 Nisan Stadyumu 1-0 1’ Mauro Icardi
96%
Türkiye Kupası Quarter-Finals 2024/25 Şükrü Saraçoğlu 0-1 10’ Victor Osimhen
96%
Süper Lig Matchday 6 2024/25 Şükrü Saraçoğlu 0-2 28’ Dries Mertens
91%
Süper Lig Matchday 6 2024/25 Şükrü Saraçoğlu 1-3 63’ Edin Džeko (P)
91%
Süper Lig Matchday 37 2022/23 nef Stadyumu 2-0 71’ Mauro Icardi
91%
Süper Lig Matchday 18 2022/23 Şükrü Saraçoğlu 0-3 90+10’ Mauro Icardi
91%
Süper Lig Matchday 37 2022/23 nef Stadyumu 1-0 28’ Nicoló Zaniolo
91%
Türkiye Kupası Quarter-Finals 2024/25 Şükrü Saraçoğlu 0-2 27’ Victor Osimhen (P)
91%
Süper Lig Matchday 18 2022/23 Şükrü Saraçoğlu 0-2 78’ Kerem Aktürkoğlu
87%
Süper Lig Matchday 37 2022/23 nef Stadyumu 3-0 79’ Nicoló Zaniolo
87%
Türkiye Kupası Quarter-Finals 2024/25 Şükrü Saraçoğlu 1-2 45+2’ Sebastian Szymánski
87%
Süper Lig Matchday 6 2024/25 Şükrü Saraçoğlu 0-3 59’ Gabriel Sara
83%
Süper Lig Matchday 13 2021/22 nef Stadyumu 1-0 16’ Kerem Aktürkoğlu
78%
Süper Lig Matchday 23 2019/20 Şükrü Saraçoğlu 1-3 90+7’ Henry Onyekuru
74%
Süper Lig Matchday 23 2019/20 Şükrü Saraçoğlu 1-0 21’ Max Kruse (P)
74%
Süper Lig Matchday 13 2021/22 nef Stadyumu 1-1 31’ Mesut Özil
74%
Süper Lig Matchday 13 2021/22 nef Stadyumu 1-2 90+4’ Miguel Crespo
74%
Süper Lig Matchday 32 2021/22 Şükrü Saraçoğlu 1-0 26’ Miha Zajc
74%
Süper Lig Matchday 23 2019/20 Şükrü Saraçoğlu 1-2 80’ Radamel Falcao (P)
74%
Süper Lig Matchday 32 2021/22 Şükrü Saraçoğlu 2-0 68’ Serdar Dursun
74%
Süper Lig Matchday 18 2022/23 Şükrü Saraçoğlu 0-1 32’ Sérgio Oliveira
74%
Süper Lig Matchday 24 2020/21 Şükrü Saraçoğlu 0-1 54’ Mostafa Mohamed
70%
Süper Lig Matchday 6 2014/15 Türk Telekom Arena 2-0 90+1’ Wesley Sneijder
65%
Süper Lig Matchday 6 2014/15 Türk Telekom Arena 1-0 88’ Wesley Sneijder
65%
Süper Lig Matchday 31 2011/12 Şükrü Saraçoğlu 2-0 16’ Alex de Souza
61%
Süper Lig Matchday 23 2014/15 Şükrü Saraçoğlu 1-0 81’ Dirk Kuyt
61%
Süper Lig Matchday 28 2018/19 Şükrü Saraçoğlu 1-1 71’ Eljif Elmas
61%
Süper Lig Matchday 11 2018/19 Türk Telekom Stadyumu 2-2 72’ Jailson
61%
Süper Lig Matchday 28 2016/17 Türk Telekom Arena 0-1 90+1’ Josef de Souza
61%
Süper Lig Matchday 11 2016/17 Şükrü Saraçoğlu 1-0 45’ Robin van Persie
61%
Süper Lig Matchday 11 2016/17 Şükrü Saraçoğlu 2-0 78’ Robin van Persie (P)
61%
Süper Lig Matchday 23 2019/20 Şükrü Saraçoğlu 1-1 40’ Ryan Donk
61%
Süper Lig Matchday 6 2014/15 Türk Telekom Arena 2-1 90+5’ Alper Potuk
57%
Süper Kupa Final 2013 Kayseri Kadir Has Stadyumu 1-0 99’ Didier Drogba
57%
Süper Lig Matchday 31 2011/12 Şükrü Saraçoğlu 1-0 10’ Moussa Sow
57%
Süper Lig Matchday 14 2011/12 Türk Telekom Arena 3-1 90+2’ Alex de Souza
52%
Süper Lig Matchday 26 2010/11 Türk Telekom Arena 1-2 87’ Alex de Souza
52%
Türkiye Kupası Final 2015/16 Antalya 100.yıl Stadyumu 1-0 30’ Lukas Podolski
52%
Süper Lig Matchday 11 2018/19 Türk Telekom Stadyumu 2-1 66’ Mathieu Valbuena (P)
52%
Süper Lig Matchday 11 2018/19 Türk Telekom Stadyumu 1-0 31’ Ryan Donk
52%
Süper Lig Matchday 28 2018/19 Şükrü Saraçoğlu 0-1 66’ Henry Onyekuru
48%
Süper Lig Matchday 11 2018/19 Türk Telekom Stadyumu 2-0 49’ Martin Linnes
48%
Süper Kupa Final 2012 Erzurum Kazım Karabekir Stadyumu 1-1 45+2’ Alex de Souza
43%
Süper Lig Matchday 31 2011/12 Şükrü Saraçoğlu 2-1 36’ Johan Elmander
43%
Süper Final Matchday 2 2012 Türk Telekom Arena 1-2 79’ Miroslav Stoch
43%
Süper Lig Matchday 33 2012/13 Şükrü Saraçoğlu 2-1 36’ Pierre Webó
43%
Süper Lig Matchday 33 2012/13 Şükrü Saraçoğlu 1-1 33’ Pierre Webó
43%
Süper Lig Matchday 33 2012/13 Şükrü Saraçoğlu 0-1 25’ Burak Yılmaz (P)
39%
Süper Lig Matchday 2013/14 Şükrü Saraçoğlu 2-0 66’ Cristian Baroni
39%
Süper Lig Matchday 9 2015/16 Şükrü Saraçoğlu 1-0 37’ Diego
39%
Süper Lig Matchday 2013/14 Şükrü Saraçoğlu 1-0 24’ Emre Belözoğlu (P)
39%
Süper Lig Matchday 31 2011/12 Şükrü Saraçoğlu 2-2 83’ Hakan Balta
39%
Süper Lig Matchday 9 2015/16 Şükrü Saraçoğlu 1-1 83’ Olcan Adın
39%
Süper Lig Matchday 26 2010/11 Türk Telekom Arena 1-1 75’ Semih Şentürk
39%
Süper Lig Matchday 28 2013/14 Türk Telekom Arena 1-0 9’ Wesley Sneijder
39%
Süper Lig Matchday 26 2010/11 Türk Telekom Arena 1-0 14’ Colin Kazım-Richards
35%
Süper Lig Matchday 14 2011/12 Türk Telekom Arena 1-0 33’ Emmanuel Eboué
35%
Süper Lig Matchday 14 2011/12 Türk Telekom Arena 3-0 66’ Felipe Melo
35%
Süper Lig Matchday 14 2011/12 Türk Telekom Arena 2-0 41’ Johan Elmander
35%
Süper Final Matchday 2 2012 Türk Telekom Arena 0-1 17’ Reto Ziegler
35%
Süper Final Matchday 2 2012 Türk Telekom Arena 1-1 68’ Selçuk İnan
35%
Süper Lig Matchday 27 2009/10 Ali Sami Yen 0-1 70’ Selçuk Şahin
35%
Süper Lig Matchday 10 2009/10 Şükrü Saraçoğlu 1-0 12’ Alex de Souza
30%
Süper Lig Matchday 10 2009/10 Şükrü Saraçoğlu 2-0 53’ Alex de Souza (P)
30%
Süper Lig Matchday 10 2008/09 Şükrü Saraçoğlu 4-1 90+3’ Deivid de Souza
30%
Süper Kupa Final 2012 Erzurum Kazım Karabekir Stadyumu 2-2 65’ Dirk Kuyt
30%
Süper Lig Matchday 16 2012/13 Türk Telekom Arena 2-1 36’ Selçuk İnan
30%
Süper Lig Matchday 16 2012/13 Türk Telekom Arena 1-0 10’ Bekir İrtegün (OG)
26%
Süper Lig Matchday 15 2007/08 Şükrü Saraçoğlu 2-0 56’ Deivid de Souza
26%
Süper Lig Matchday 16 2012/13 Türk Telekom Arena 1-1 23’ Hasan Ali Kaldırım
26%
Süper Kupa Final 2012 Erzurum Kazım Karabekir Stadyumu 3-2 89’ Selçuk İnan (P)
26%
Süper Lig Matchday 32 2007/08 Ali Sami Yen 1-0 37’ Shabani Nonda
26%
Türkiye Kupası Quarter-Finals 2007/08 Ali Sami Yen 2-1 89’ Ümit Karan
26%
Süper Kupa FInal 2012 Erzurum Kazım Karabekir Stadyumu 2-1 57’ Umut Bulut
26%
Süper Kupa Final 2012 Erzurum Kazım Karabekir Stadyumu 1-0 19’ Umut Bulut
26%
Süper Lig Matchday 10 2009/10 Şükrü Saraçoğlu 3-1 90’ Daniel Güiza
22%
Süper Lig Matchday 10 2008/09 Şükrü Saraçoğlu 3-1 49’ Diego Lugano
22%
Süper Lig Matchday 10 2008/09 Şükrü Saraçoğlu 2-1 28’ Emre Aşık (OG)
22%
Türkiye Kupası Quarter-Finals 2007/08 Ali Sami Yen 1-1 67’ Gökhan Gönül
22%
Süper Lig Matchday 10 2008/09 Şükrü Saraçoğlu 0-1 2’ Lincoln
22%
Süper Lig Matchday 10 2008/09 Şükrü Saraçoğlu 1-1 6’ Selçuk Şahin
22%
Süper Lig Matchday 10 2009/10 Şükrü Saraçoğlu 2-1 56’ Hakan Balta
17%
Türkiye Kupası Quarter-Finals 2007/08 Ali Sami Yen 1-0 4’ Hakan Şükür
17%
Süper Lig Matchday 15 2007/08 Şükrü Saraçoğlu 1-0 5’ Semih Şentürk
17%
No matching quizzes found
Score Distribution
Percent of People with Each Score
Percentile by Number Answered
Your Score History
You have not taken this quiz since the last reset